Riconosci il Pokémon - Quiz n°732 - Statistics

Statistiche generali
  • Questo quiz è stato fatto 0 volte
  • Il punteggio medio è 0 su 10
Statistiche sulle risposte
Indizio Riposta % Corretto
Peso 105,0 kg; 110,0 kg (Alola)
0%
Altezza 1,0 m
0%
Tasso di cattura 120 (24.9%)
0%
Sesso 50% ♂, 50% ♀
0%
Pokémon Graveler
0%
Tasso di allevamento Medio-Lento
0%
Generazione Prima
0%
Stadio evoluzione Prima evoluzione
0%
Tipo Roccia / Terra; Roccia / Elettro (Alola)
0%
Abilità Testadura; Sabbiavelo; Vigore (Normale; Alola); Magnetismo (Alola); Pellelettro (Alola)
0%
Nessun quiz corrispondente trovato
Distribuzione punteggi
Percentuale di utenti per punteggio
Percentile per numero di risposta
I tuoi punteggi nel tempo
Non hai fatto questo quiz